| 000 | 00984nam a2200253 a 4500 | ||
|---|---|---|---|
| 001 | BRCA_1171 | ||
| 005 | 20190320203320.0 | ||
| 008 | 920331s1989 mx-a---###---#000-0dspa-# | ||
| 020 | _a9687266074 | ||
| 040 |
_aDLC _cDLC _dDLC |
||
| 041 |
_aspa _hger |
||
| 050 | 4 |
_aF1386.2 _b.H44 1989 |
|
| 100 | 1 |
_aHegi, Johann Salomon _d1814-1896 _93869 |
|
| 245 | 1 | 0 |
_aHegi _bla vida en la Ciudad de México (1849-1858) _ceditor Mario de la Torre ; prólogo Xavier Moyssen ; comentarios adicionales Francisco de Antuñano. |
| 260 |
_aMéxico _bBancreser _c1989 |
||
| 300 |
_a179 p. _bil. (algunas a color) _c30 cm. |
||
| 500 | _aCatálogo de la exposición realizada en el Museo Nacional de Historia (Ciudad de México), octubre 1989 | ||
| 600 | 1 | 4 |
_aHegi, Johann Salomon _d1814-1896 _xRecorrido _zMéxico _93870 |
| 651 | 4 |
_aMéxico (Ciudad) _xVida social y costumbres _93871 |
|
| 653 | 0 | _aVida cotidiana | |
| 700 | 1 |
_aTorre, Mario de la _93872 |
|
| 700 | 1 |
_aMoyssen, Xavier _93873 |
|
| 942 |
_2lcc _cB |
||
| 999 |
_c1048 _d1048 |
||